Responses for show #5939 - Thursday, June 10, 2010

Contestants

[<< previous game]

Ilana Cohen, a grad student in molecular and cell biology from Seattle, Washington

Marty Scott, an assistant district attorney from Forney, Texas

Kyle Hutchinson, a school of pharmacy librarian from Brookline, Massachusetts (whose 1-day cash winnings total $19,000)

[next game >>]

Jeopardy! Round responses

LANDMARKS FOR SALE
'70s SITCOMS
POETS' COUNTRY OF BIRTH
WELL, EXHUME ME!
CLASSIC GAME COMING ATTRACTIONS
LOUD RHYMES
(Alex: Each correct response will rhyme with "loud".)
    $200 1
the Eiffel Tower

Ilana
    $200 4
The Odd Couple

Kyle
    $200 26
Russia

Marty
    $200 16
Lee Harvey Oswald

Marty
    $200 21
Monopoly

Marty
    $200 10
(Kyle: What is a loud [*]?)
(Alex: Yes, but you don't have to say loud [*].
Just [*] is enough.)
(Kyle: Okay. Oh, I get it.)

crowd

Kyle
    $400 2
the Statue of Liberty

Triple Stumper
    $400 6
Barney Miller

Marty
    $400 27
France

Kyle
    $400 17
Eva PerĂ³n

Ilana
    $400 22
Operation

Ilana
    $400 12
plowed

Marty
    $600 3
the Great Sphinx

Marty
    $600 7
Maude

Marty
    $600 28
(Kyle: What is Denmark?)

Sweden

Kyle
Triple Stumper
    $1,000 18
(Ilana: Who is George Washington?)
(Alex: No. Who is [*]?
Naval Academy.)

John Paul Jones

Ilana
    $600 23
Candyland

Ilana
    $600 13
bowed

Kyle
    $800 5
the Colosseum

Marty
    $800 8
Chico and the Man

Marty
    $800 29
Japan

Kyle
    $800 19
Jesse James

Kyle
    $800 24
hangman

Ilana
    $800 14
proud

Ilana
    $1000 11
(Kyle: What is the Space Needle?)

the CN Tower

KyleMarty
    $1000 9
(Alex: You spent a lot of time watching television, didn't you?)
[Laughter]

WKRP in Cincinnati

Marty
    $1000 30
Greece

Kyle
    $1000 20
(Josef) Mengele

Marty
    $1000 25
(Alex: And I wish I had Kim Strauss' voice. Imagine what I could have become.)
[Laughter]

Mouse Trap

Marty
    $1000 15
Doud

Kyle

Scores at the first commercial break (after clue 15):

Kyle Marty Ilana
$1,000 $5,600 $1,000

Scores at the end of the Jeopardy! Round:

Kyle Marty Ilana
$3,400 $8,200 $2,200

Double Jeopardy! Round responses

GET YOUR INFO STRAIGHT
JASON BORN
JEOPA-CONGLOMAREX, INC.
IT'S RAINING
CATS & DOGS
KIBBUTZ LIFE
(Jimmy: From Kibbutz Amiad, just north of the Sea of Galilee.) (Alex: We are in Israel.)
    $400 11
Porsche

Ilana
    $400 21
(Jason) Priestley

Ilana
    $400 16
Microsoft

Kyle
    $400 6
a parachute

Kyle
    $400 1
the Labrador retriever

Triple Stumper
    $400 24
Zionism

Ilana
    $800 12
Mortgage

Marty
    $2,000 22
Jennifer Jason Leigh

Ilana
    $800 17
Donald Trump

Marty
    $800 7
the smell of rain

Kyle
    $800 2
the Manx

Ilana
    $800 27
the desert

Ilana
    $1200 13
Madeira

Ilana
    $1200 23
(Alex: Right, with a minute to go.)

The Bachelor

Kyle
    $1200 18
Starbucks

Ilana
    $1200 8
(Ilana: What is freezes?)

evaporates

KyleIlana
    $1200 3
(Marty: What's the greyhound?)
(Ilana: What is the Italian greyhound?)

a whippet

KyleMartyIlana
    $1200 28
[The end-of-round signal sounds.]

fertilization & irrigation

Marty
    $1600 14
hydrogen peroxide

Kyle
    $1600 25
Jason Statham

Triple Stumper
    $1600 19
(Ilana: What is Lamborghini?)

Ferrari

MartyIlana
    $1600 9
silver

Kyle
    $2,500 4
(Kyle: What are Van cats?)

Angoras

Kyle
    $2000 15
Owens Corning

Marty
    $2000 26
Jason Mraz

Ilana
    $2000 20
Jerry Jones

Marty
    $2000 10
the Philippines

Ilana
    $2000 5
(Marty: What's a Great Dane?)

the Great Pyrenees

Marty
Triple Stumper

Scores at the end of the Double Jeopardy! Round:

Kyle Marty Ilana
$9,300 $13,400 $9,400

[wagering suggestions for these scores]

Final Jeopardy! Round responses

SHORT STORIES
(Alex: [*] is correct. "The Pit and the Pendulum"--the lines.)
KyleWho is E.A.Poe?
$1,250
IlanaWho is Poe?
$9,201
MartyWho is Poe?
$5,401
Edgar Allan Poe

Final scores:

Kyle Marty Ilana
$10,550 $18,801 $18,601
3rd place: $1,000 New champion: $18,801 2nd place: $2,000

Game dynamics:

Coryat scores:

Kyle Marty Ilana
$11,800 $13,400 $9,200
16 R,
3 W
(including 1 DD)
19 R,
2 W
16 R
(including 1 DD),
4 W
(including 1 DD)

Combined Coryat: $34,400

The J! Archive is created by fans, for fans. The Jeopardy! game show and all elements thereof, including but not limited to copyright and trademark thereto, are the property of Jeopardy Productions, Inc. and are protected under law. This website is not affiliated with, sponsored by, or operated by Jeopardy Productions, Inc. Join the discussion at JBoard.tv.